| 000 | 00539nam a2200193Ia 4500 | ||
|---|---|---|---|
| 005 | 20250923145656.0 | ||
| 008 | 008 250917s9999 xx 000 0 eng d | ||
| 037 | _aTextual | ||
| 040 |
_aDSWL _beng _cDSWL |
||
| 041 |
_aeng _2eng |
||
| 084 |
_aX.433, N84 _qDSWL |
||
| 245 | 0 | _aThailand : Managing Public resources for structural adjustment | |
| 260 |
_aWashington _bWorld Bank _c1984 |
||
| 300 | _alxvii,275 p. | ||
| 365 |
_aUSD _b20 |
||
| 925 | _g20 | ||
| 942 |
_cTEXL _hX.433, N84 |
||
| 999 |
_c1454234 _d1454234 |
||